| Поле | Название | Значение |
| |
Тип записи |
a |
| |
Библиографический уровень |
m |
| 001 |
Контрольный номер |
RU/SLIB/B/208747562 |
| 005 |
Дата корректировки |
20220517114645.0 |
| 010 |
Индекс ISBN |
__ |
| d |
Цена |
0-80 |
| 101 |
Язык документа |
0_ |
| a |
Язык текста |
rus |
| 200 |
Заглавие и сведения об ответственности |
1_ |
| a |
Заглавие |
Рукоделие в начальных классах |
| e |
Сведения, относящиеся к заглавию |
кн. для учителя по внекл. работе |
| f |
Первые сведения об ответственности |
сост.: А. М. Гукасова [и др.] ; рец. А. Ф. Солодкова |
| b |
Общее обозначение материала |
Текст |
| 210 |
Выходные данные |
1_ |
| a |
Место издания |
М. |
| c |
Издательство |
Просвещение |
| d |
Дата издания |
1984 |
| 215 |
Физическое описание |
__ |
| a |
Объем |
192 с. |
| c |
Иллюстрации/тип воспроизводства |
ил. |
| 606 |
Тематические рубрики |
__ |
| a |
Основная рубрика |
Образование. Педагогика |
| 606 |
Тематические рубрики |
__ |
| a |
Основная рубрика |
Методика преподавания учебных предметов |
| 610 |
Ключевые слова |
0_ |
| a |
Ключевые слова |
внеклассная работа; группы продленного дня; рукоделие; обучение рукоделию; начальная школа |
| 686 |
Индексы других классификаций |
__ |
| a |
Классификационный индекс |
74.263.0; В74.26 |
| 702 |
Вторичная интеллектуальная ответственность |
_1 |
| a |
Фамилия |
Гукасова |
| b |
Имя |
А. М. |
| 4 |
Код отношения |
Составитель |
| 4 |
Код отношения |
220 |
| 702 |
Вторичная интеллектуальная ответственность |
_1 |
| a |
Фамилия |
Мишарева |
| b |
Имя |
Е. И. |
| 4 |
Код отношения |
Составитель |
| 4 |
Код отношения |
220 |
| 702 |
Вторичная интеллектуальная ответственность |
_1 |
| a |
Фамилия |
Могилевская |
| b |
Имя |
И. С. |
| 4 |
Код отношения |
Составитель |
| 4 |
Код отношения |
220 |
| 702 |
Вторичная интеллектуальная ответственность |
_1 |
| a |
Фамилия |
Солодкова |
| b |
Имя |
А. Ф. |
| 4 |
Код отношения |
Рецензент |
| 4 |
Код отношения |
675 |
| 801 |
Источник записи |
_0 |
| a |
Страна |
RU |
| b |
Организация |
Муниципальное бюджетное учреждение культуры "Централизованная библиотечная система" г. Сургут (Центральная городская библиотека им. А. С. Пушкина) |
| g |
Правила каталогизации |
КиК/Лебедева |
| 801 |
Источник записи |
_1 |
| a |
Страна |
RU |
| b |
Организация |
Муниципальное бюджетное учреждение культуры "Централизованная библиотечная система" г. Сургут (Центральная городская библиотека им. А. С. Пушкина) |
| g |
Правила каталогизации |
КиК/Лебедева |
| 852 |
Данные о местонахождении |
__ |
| j |
Шифр хранения |
74.263.0 |
| c |
Каталожный индекс |
74.263 |
| i |
Авторский знак |
Р 85 |
| p |
Инвентарный номер |
25775 |
| 901 |
Тип документа |
__ |
| t |
Тип документа |
m |
| 990 |
Данные о заказе (DOS) |
__ |
| j |
Количество экземпляров (DOS) |
1 |